000 00420nam a2200157 i 4500
001 33939
003 ES-MaACL
005 20230906154840.0
007 t|
008 030203s1972 sp ||||1| spa d
100 1 _aBlasco, Juan.
_929371
245 1 0 _aEstampas de mi cautiverio /
_cJuan Blasco.
260 _aBarcelona :
_bLuis de Caralt,
_c[1972]
300 _a208 p. ;
_c20 cm.
852 _aES-MaACL
_jC-51661
_bR.83462
999 _c33939
_d33939